Witamy w Bibliotece Naukowej Instytutu Łączności!

Transistor-Vergleichs-Handbuch / (Rekord nr 8380)

000 -LEADER
fixed length control field 00310 a2200085 4500
100 1# - MAIN ENTRY--PERSONAL NAME
Personal name Negsseog, S..
Relator term Autor
245 0# - TITLE STATEMENT
Title Transistor-Vergleichs-Handbuch /
Statement of responsibility, etc Negsseog S..
260 ## - PUBLICATION, DISTRIBUTION, ETC. (IMPRINT)
Place of publication, distribution, etc Berlin :
Name of publisher, distributor, etc Verlag fuer technische Literatur Conrad,
Date of publication, distribution, etc 1974.
300 ## - PHYSICAL DESCRIPTION
Extent 215 s.;
Dimensions 34 cm.
710 2# - ADDED ENTRY--CORPORATE NAME
Corporate name or jurisdiction name as entry element Verlag fuer technische Literatur Conrad.
Relator term Wydawca
Relator code pbl
Egzemplarze
Withdrawn status Lost status Source of classification or shelving scheme Damaged status Not for loan Permanent Location Current Location Shelving location Date acquired Cost, normal purchase price Inventory number Full call number Barcode Date last seen Price effective from Koha item type
          Instytut Łączności Instytut Łączności Magazyn 1975-06-13 0.00 29600 29600 29600 2022-08-04 2017-11-30 Książki

Działa dzięki Koha